Key Factors Influencing Turnover and Retention Strategies in Budapest Hotels Front Offices. A Study of Selected Marriott Hotels.
| Szerző: | |
|---|---|
| További közreműködők: | |
| Dokumentumtípus: | Diplomadolgozat |
| Kulcsszavak: | employee motivation Front Office Operations Human Resources Management Marriott Hotels Retention Strategy |
| Online Access: | http://dolgozattar.uni-bge.hu/60038 |
MARC
| LEADER | 00000nta a2200000 i 4500 | ||
|---|---|---|---|
| 001 | dolg60038 | ||
| 005 | 20260409145914.0 | ||
| 008 | 260409suuuu hu om 000 eng d | ||
| 040 | |a BGE Dolgozattár Repozitórium |b hun | ||
| 041 | |a en | ||
| 100 | 1 | |a Alizada Iltifat | |
| 245 | 1 | 0 | |a Key Factors Influencing Turnover and Retention Strategies in Budapest Hotels Front Offices. A Study of Selected Marriott Hotels. |c Alizada Iltifat |h [elektronikus dokumentum] |
| 520 | 3 | |a This thesis explores the key factors influencing employee turnover and the effectiveness of retention strategies in the front offices of selected Marriott hotels in Budapest. Emotional exhaustion, irregular schedules, limited career development opportunities, inadequate management support, and communication barriers emerged as major causes of turnover. The study highlights that salary alone is insufficient to retain employees. Instead, relational leadership, strong peer support, career advancement pathways, and systematic employee recognition significantly enhance job satisfaction and loyalty. The findings emphasize the need for better HR practices, including recruitment aligned with emotional resilience, mentorship programs, and transparent communication to improve retention and foster a sustainable, motivated workforce in the competitive hospitality sector. | |
| 695 | |a employee motivation | ||
| 695 | |a Front Office Operations | ||
| 695 | |a Human Resources Management | ||
| 695 | |a Marriott Hotels | ||
| 695 | |a Retention Strategy | ||
| 700 | 1 | |a Pál Ágnes Ibolya |e ths | |
| 856 | 4 | 0 | |u http://dolgozattar.uni-bge.hu/60038/1/Iltifat%20Alizada.Key%20Factors%20Influencing%20Turnover%20and%20Retention%20Strategies%20in%20Budapest%20Hotels%20Front%20Offices.%20A%20Study%20of%20Selected%20Marriott%20Hotels.pdf |z Dokumentum-elérés |
| 856 | 4 | 0 | |u http://dolgozattar.uni-bge.hu/60038/2/declaration-of-open-access-publication.pdf |z Dokumentum-elérés |
| 856 | 4 | 0 | |u http://dolgozattar.uni-bge.hu/60038/3/MSc%20Assessment%20Sheet_2025_Iltifat%20Alizada.pdf |z Dokumentum-elérés |
| 856 | 4 | 0 | |u http://dolgozattar.uni-bge.hu/60038/4/Iltifat%20Alizada_Review_Melanie%20Smith.pdf |z Dokumentum-elérés |